00326nam a2200109Ia 4500008004100000041000800041082002100049100002200070245006300092260004800155300001300203231228s1995 xx 000 0 und d aeng a320.5509541bRAD aRADHAKRISHNAN (S) aMahatma Gandhi, Essaysand Reflections on his life an dwork aMumbaibJaico Publishing House Mumbaic1995 axii, 459